00887 a2200169 45000010006000000050017000060080041000230030015000640400040000790800053001192450077001722640060002493000019003095050338003280410008006661000043006745779320260407155838.0260407a1984 arg spa dAR-UNSa-BCEJYS aAR-UNSa-BCEJYSbspacAR-UNSa-BCEJYS a339.5xComercio exterior. Comercio Internacional10aLogros de la República de Corea en materia de exportación, 1961-1982 1aGinegra :bCCI (Centro de Comercio Internacional)c1984 a122 p.c23 cm. a1. Análisis estadístico del crecimiento de las exportaciones – 2. Observaciones sobre las principales industrias orientadas hacia la exportación y parte de producción exportada – 3. Razones principales de los logros de la política de exportación del país – 4. Promoción de las exportaciones – 5. Conclusiones  aspa1 aCentro de Comercio Internacional (CCI)